Iran (Record no. 5542)

MARC details
000 -LEADER
fixed length control field 00555nam a22001937a 4500
005 - DATE AND TIME OF LATEST TRANSACTION
control field 20250519141020.0
008 - FIXED-LENGTH DATA ELEMENTS--GENERAL INFORMATION
fixed length control field 250519b |||||||| |||| 00| 0 eng d
040 ## - CATALOGING SOURCE
Transcribing agency DepED Dasmarinas City
245 ## - TITLE STATEMENT
Title Iran
250 ## - EDITION
Edition statement July 1999 Vol. 196 No. 1
490 ## - SERIES STATEMENT
SERIES STATEMENT National Geographic
520 ## - SUMMARY, ETC.
Summary, etc. Iran: Testing the Waters of Reform, Mars on Earth, The Shrinking World of Hornbills, Quest for Color, Celebrating Canyon Country, Humpback Whales
650 ## - SUBJECT ADDED ENTRY--TOPICAL TERM
General subdivision MARS
650 ## - SUBJECT ADDED ENTRY--TOPICAL TERM
General subdivision HORNBILLS
650 ## - SUBJECT ADDED ENTRY--TOPICAL TERM
General subdivision COLOR
650 ## - SUBJECT ADDED ENTRY--TOPICAL TERM
General subdivision MONUMENT
650 ## - SUBJECT ADDED ENTRY--TOPICAL TERM
General subdivision WHALES
942 ## - ADDED ENTRY ELEMENTS (KOHA)
Source of classification or shelving scheme Dewey Decimal Classification
Koha item type Continuing Resources
999 ## -
-- 5542
-- 5542
Holdings
Homebranch current branch Barcode
DepED Dasmarinas City DepED Dasmarinas City DSMSR071999-043